000 00887nam a2200253Ia 4500
003 OSt
005 20221005112513.0
006 a|||||r|||| 00| 0
007 ta
008 221004b |||||||| |||| 00| 0 pan d
020 _a9789352042142 (hbk)
_cINR 300.00
024 _a35513
037 _b1002, 13/11/2017, H.K. Prakashan
_cTextual
040 _aCRL
_cCRL
_bpan
041 _2pan
_apan
082 _aw1,N, 153Q6
100 _aਔਲਖ, ਗੁਰਚਰਨ ਸਿੰਘ, ਂਚ.
245 0 _aਵਿFਵ ਪ੍ਰਸਿੱਧ ਜੀਵਨੀਆਂ
260 _aਚੰਡੀਗੜ
_bਲੋਕਗੀਤ ਪ੍ਰਕਾFਨ ਭਾਰਤ
_c2016
300 _a187ਪੰ
_ccm.
650 _aਜੀਵਨੀ
942 _hw1,N, 153Q6
_cTEXL
_2cc
999 _c1025088
_d1025088